Vzájemný vztah vzdělání a zdraví v České republice
Výskumy v Spojených štátoch preukázali závislosť medzi vzdelaním a zdravím. Vzdelanie a postavenie na trhu práce v Českej republike. Zdravý životný štýl a vzdelanie.
Gespeichert in:
| 1. Verfasser: | |
|---|---|
| Weitere Verfasser: | , |
| Format: | Buchkapitel |
| Sprache: | Tschechisch |
| Schlagworte: | |
| Tags: |
Keine Tags, Fügen Sie das erste Tag hinzu!
|
MARC
| LEADER | 00000naa a2200000 4500 | ||
|---|---|---|---|
| 001 | r036050 | ||
| 005 | 20230426095450.4 | ||
| 041 | 0 | |a cze | |
| 044 | |a CZ | ||
| 245 | 1 | 0 | |a Vzájemný vztah vzdělání a zdraví v České republice |c J. Hraba, O.F. Lorenz, Zdeňka Pecháčová |
| 520 | |a Výskumy v Spojených štátoch preukázali závislosť medzi vzdelaním a zdravím. Vzdelanie a postavenie na trhu práce v Českej republike. Zdravý životný štýl a vzdelanie. | ||
| 610 | 2 | 0 | |a vzdelanie |
| 610 | 2 | 0 | |a zdravie |
| 610 | 2 | 0 | |a štýl životný |
| 610 | 2 | 0 | |a trh práce |
| 610 | 2 | 0 | |a stresy |
| 610 | 2 | 0 | |a zamestnanci |
| 610 | 2 | 0 | |a Česko |
| 100 | 1 | |a Hraba, J. | |
| 700 | 1 | |a Lorenz, O.F. | |
| 700 | 1 | |a Pecháčová, Zdeňka | |